Normal view
MARC view
Entry Personal Name
001 - CONTROL NUMBER
- control field: 20787
003 - CONTROL NUMBER IDENTIFIER
- control field: OSt
005 - DATE AND TIME OF LATEST TRANSACTION
- control field: 20211105134524.0
008 - FIXED-LENGTH DATA ELEMENTS
- fixed length control field: 211105|| aca||aabn | a|a d
040 ## - CATALOGING SOURCE
- Original cataloging agency: OSt
- Transcribing agency: OSt
100 ## - HEADING--PERSONAL NAME
- Personal name: Rottgering, H. J. A
670 ## - SOURCE DATA FOUND
- Source citation: Work cat.: (OSt): Workshop Celebrating the 25th Anniversary of the Westerbork Synthesis Radio Telescope Hoogeveen 1995 Aug. 28-30 20784, Cold gas at high redshift, 1996